000 00673nam a22001937a 4500
003 OSt
005 20250924042421.0
008 250924b |||||||| |||| 00| 0 eng d
020 _a978-1-4221-6228-6
040 _aDWC-Main Lib.
_cOC
100 _aGROTE, DICK
245 _aHow to be good at performance appraisal :
_bsimple, effective, done right/
_cGROTE, DICK
260 _aBoston, Massachusetts :
_bHarvard Business Review Press,
_cc2011.
300 _av, 218 pages :
_billustrations ;
_c22 cm.
504 _aIncludes bibliographical references.
650 _a1. Employees--Ratings of.
650 _a2. Performance standards.
942 _2ddc
_cBK-CIRC
_hCirc.
_n0
999 _c4531
_d4531